000 00979nam a22002897a 4500
001 BR7201121
003 BR-BrBNA
005 20230928083831.0
007 ta
008 230509b bl.||||| |||| 00| 0 por d
040 _aBR-BrBNA
_bpor
_cBiblioteca Nacional de Agricultura
041 _a(Por)
072 _aL53; L10
_b5213
090 _ 5213 BR7201121
100 1 _aSanches, J.P.G.
110 1 _aUniversidade Federal de Minas Gerais, Belo Horizonte (Brasil). Escola de Veterinaria
_0Tese (Mestre em Medicina Veterinaria)
245 1 _aObservacao sobre a duracao do estro e momento de ovulacao no gado zebu
260 3 _aBelo Horizonte, MG (Brasil):
_c1972.
300 _a31 p.
500 _aSummary (Por). (*) Documento disponível na(o) UFMG, Belo Horizonte, MG (Brazil). Escola de Veterinaria
650 _aGADO ZEBU
650 _aOVULACAO
650 _aCICLO ESTRAL
650 _aINSEMINACAO ARTIFICIAL
909 _a202309
_bLucia
_c55
_dLucia Elande
942 _cBK
999 _c15441
_d15441